[Event "Elit(Rockaden,Sthlm-LASK)"]
[Site "?"]
[Date "2012.03.10"]
[Round "8"]
[White "Zadruzny, Nicolaj"]
[Black "Hansson, Fredrik"]
[Result "1-0"]
[WhiteElo "2342"]
[BlackElo "2140"]
[PlyCount "77"]

1. c4 c5 2. Nf3 Nc6 3. d4 cxd4 4. Nxd4 Nf6 5. Nc3 g6 6. e4 d6 7. Be2 Nxd4 8.
Qxd4 Bg7 9. Bg5 Qa5 10. Qd2 O-O 11. f3 Re8 12. Rc1 Bd7 13. b3 Rac8 14. O-O Bc6
15. Rc2 Nd7 16. Rb1 b6 17. Be3 f5 18. b4 Qe5 19. f4 Qe6 20. exf5 gxf5 21. Bd4
Qg6 22. Bf1 Nf6 23. Re1 Ne4 24. Nxe4 Bxe4 25. Rc3 e5 26. Rg3 Qe6 27. Bb2 Kh8
28. Rd1 Bh6 29. fxe5 dxe5 30. Bxe5+ Qxe5 31. Qxh6 Rg8 32. Rxg8+ Rxg8 33. Qd6
Qg7 34. Qd4 Rf8 35. Qxg7+ Kxg7 36. Kf2 f4 37. Rd4 Bb7 38. Be2 Rf7 39. Bh5 1-0

[Event "Elit(Limhamn-Rockaden,Umea)"]
[Site "?"]
[Date "2012.03.11"]
[Round "9"]
[White "Wickstrom, Lucas"]
[Black "Brynell, Stellan"]
[Result "1-0"]
[WhiteElo "2344"]
[BlackElo "2547"]
[PlyCount "81"]

1. d4 e6 2. c4 Nf6 3. Nf3 d5 4. Nc3 Bb4 5. Bg5 h6 6. Bh4 dxc4 7. Qa4+ Nc6 8.
Bxf6 Qxf6 9. a3 Bxc3+ 10. bxc3 O-O 11. e3 e5 12. Bxc4 e4 13. Nd2 Qg6 14. Bd5
Bf5 15. O-O Nd8 16. f3 exf3 17. Bxf3 c6 18. e4 Bg4 19. Qb3 b6 20. Rae1 Nb7 21.
e5 Rad8 22. Be4 Qg5 23. Qc2 Na5 24. Bd3 Qe7 25. Ne4 Be6 26. Nf6+ Kh8 27. Qe2
Qxa3 28. Qe4 g6 29. Qh4 Kg7 30. Nh5+ Kh7 31. Nf6+ Kg7 32. Nh5+ Kh7 33. Re3 Rh8
34. Nf6+ Kg7 35. Nh5+ Kh7 36. Bxg6+ fxg6 37. Qf6 Rhg8 38. Qxe6 Kh8 39. Nf6 Rgf8
40. Rh3 h5 41. Qg4 1-0

[Event "Elit(Limhamn-Rockaden,Umea)"]
[Site "?"]
[Date "2012.03.11"]
[Round "9"]
[White "Malmstig, Erik"]
[Black "Ahlander, Bjorn"]
[Result "0-1"]
[WhiteElo "2334"]
[BlackElo "2490"]
[PlyCount "78"]
[EventDate "2012.??.??"]

1. d4 Nf6 2. c4 e6 3. Nc3 Bb4 4. e3 c5 5. Bd3 d5 6. cxd5 exd5 7. Nge2 cxd4 8.
exd4 O-O 9. O-O Nc6 10. f3 Re8 11. Bc2 Bf8 12. a3 g6 13. Bg5 Bg7 14. Bb3 Be6
15. Qd2 Rc8 16. Nf4 Qb6 17. Ba4 Nxd4 18. Qf2 Nc6 19. Qxb6 axb6 20. Bxf6 Bxf6
21. Nfxd5 Bxd5 22. Nxd5 Bxb2 23. Rab1 Bd4+ 24. Kh1 Re2 25. Rfd1 Rd8 26. Bb5 Re6
27. Bc4 Red6 28. Nc7 Bc5 29. Rxd6 Rxd6 30. Nb5 Rd8 31. f4 Kg7 32. h3 Ne7 33.
Kh2 Nf5 34. Rb2 h5 35. g4 hxg4 36. Be2 g3+ 37. Kg2 Bf2 38. Nc3 Nh4+ 39. Kf1 Bd4
0-1

[Event "Elit(Limhamn-Rockaden,Umea)"]
[Site "?"]
[Date "2012.03.11"]
[Round "9"]
[White "Johansson, Linus"]
[Black "Eriksson, Jorgen"]
[Result "1-0"]
[WhiteElo "2331"]
[BlackElo "2246"]
[PlyCount "69"]
[SourceDate "2012.03.12"]

1. d4 d5 2. c4 c6 3. Nf3 Nf6 4. Nc3 a6 5. c5 Nbd7 6. Bf4 Nh5 7. Qd2 g6 8. e4
dxe4 9. Nxe4 Bg7 10. Bc4 O-O 11. O-O Nxf4 12. Qxf4 Nf6 13. Rfe1 Nd5 14. Qh4 e6
15. Qg3 b6 16. Ne5 Qc7 17. Rac1 b5 18. Bb3 a5 19. h4 f6 20. Nf3 Qxg3 21. Nxg3
Ra7 22. Ne4 Bh6 23. Rcd1 Bf4 24. a4 b4 25. Nfd2 Ba6 26. g3 Bb8 27. Nd6 Bxd6 28.
cxd6 Kf7 29. Rc1 Bb7 30. Bxd5 exd5 31. Re7+ Kg8 32. Nb3 Rf7 33. d7 Ra8 34. Re8+
Rf8 35. Rce1 1-0

[Event "Elit(Limhamn-Rockaden,Umea)"]
[Site "?"]
[Date "2012.03.11"]
[Round "9"]
[White "Forsberg, Viktor"]
[Black "Schneider, Stefan"]
[Result "1-0"]
[WhiteElo "2314"]
[BlackElo "2428"]
[PlyCount "73"]

1. e4 Nf6 2. e5 Nd5 3. d4 Nb6 4. Nf3 d5 5. exd6 exd6 6. Bd3 Bg4 7. O-O Be7 8.
Nbd2 O-O 9. c3 N8d7 10. h3 Bh5 11. Ne4 Bg6 12. Ng3 Bxd3 13. Qxd3 Re8 14. Re1 g6
15. h4 d5 16. Bg5 Nc4 17. Re2 Bxg5 18. hxg5 Rxe2 19. Qxe2 Nf8 20. b3 Nb6 21.
Re1 Ne6 22. Qd2 c6 23. Nf1 Nc8 24. Re5 Nd6 25. Qe3 Nf5 26. Qd2 a5 27. N1h2 a4
28. Ng4 axb3 29. axb3 Ra1+ 30. Kh2 Qc7 31. Nf6+ Kh8 32. g3 Qa5 33. g4 Nfg7 34.
Re2 Qc7+ 35. Ne5 Ra8 36. f4 Qa5 37. Nxf7# 1-0

[Event "Elit(Limhamn-Rockaden,Umea)"]
[Site "?"]
[Date "2012.03.11"]
[Round "9"]
[White "Penalver, Osmani"]
[Black "Engman, Rickard"]
[Result "1-0"]
[WhiteElo "2307"]
[BlackElo "2251"]
[PlyCount "67"]

1. d4 Nf6 2. c4 e6 3. g3 c5 4. Nf3 cxd4 5. Nxd4 Bb4+ 6. Bd2 Qb6 7. e3 Nc6 8.
Bg2 O-O 9. O-O d5 10. Bxb4 Qxb4 11. Qb3 Qxb3 12. axb3 Nxd4 13. exd4 Rd8 14. Rd1
Bd7 15. Nc3 Bc6 16. c5 Ne8 17. Ra3 Nc7 18. Bf1 a6 19. Rda1 Kf8 20. b4 Rab8 21.
Ra5 Ke7 22. b5 axb5 23. Nxb5 Bxb5 24. Bxb5 Ra8 25. Bd3 h6 26. f4 Rxa5 27. Rxa5
Kd7 28. b4 Ra8 29. Rxa8 Nxa8 30. b5 Nc7 31. b6 Ne8 32. Bb5+ Kd8 33. Bxe8 Kxe8
34. c6 1-0

[Event "Elit(Limhamn-Rockaden,Umea)"]
[Site "?"]
[Date "2012.03.11"]
[Round "9"]
[White "Nygren, David"]
[Black "Tadjerbashi, Amir"]
[Result "1/2-1/2"]
[WhiteElo "2194"]
[BlackElo "2240"]
[PlyCount "77"]

1. e4 e5 2. Nc3 Nf6 3. Bc4 Nc6 4. d3 Bb4 5. Nge2 d5 6. exd5 Nxd5 7. O-O Be6 8.
Bxd5 Bxd5 9. f4 O-O 10. f5 Kh8 11. f6 gxf6 12. Ng3 Rg8 13. Qh5 Rg6 14. Be3 Qd7
15. Nxd5 Qxd5 16. Ne4 Be7 17. Rf3 Rag8 18. Rh3 R8g7 19. Bh6 Rxh6 20. Qxh6 f5
21. Rg3 Rg6 22. Rxg6 fxg6 23. Ng5 Bxg5 24. Qxg5 Kg7 25. Rf1 h6 26. Qg3 Nd4 27.
Re1 Nc6 28. h4 Qd4+ 29. Kh2 Qxb2 30. h5 g5 31. Rf1 Ne7 32. Re1 Kf6 33. Qe3 b6
34. c3 Qb5 35. c4 Qb2 36. Qf3 c6 37. Re2 Qd4 38. Re4 Qc3 39. g4 1/2-1/2

[Event "Elit(Limhamn-Rockaden,Umea)"]
[Site "?"]
[Date "2012.03.11"]
[Round "9"]
[White "Lindgren, Philip"]
[Black "Mardell, Jimmy"]
[Result "1/2-1/2"]
[WhiteElo "2275"]
[BlackElo "2180"]
[PlyCount "50"]

1. d4 Nf6 2. c4 c5 3. d5 b5 4. cxb5 a6 5. bxa6 g6 6. Nc3 Bxa6 7. e4 Bxf1 8.
Kxf1 d6 9. Nf3 Bg7 10. g3 O-O 11. Kg2 Nbd7 12. Re1 Ra7 13. e5 dxe5 14. Nxe5
Nxe5 15. Rxe5 Qa8 16. Qf3 Rd8 17. Bg5 h6 18. Bxf6 Bxf6 19. Re3 Bxc3 20. Rxc3
Rxa2 21. Rxa2 Qxa2 22. Rxc5 Qxb2 23. Qe3 Qb7 24. Qxh6 Rxd5 25. Rxd5 Qxd5+
1/2-1/2

[Event "Elit(Kamraterna-Rockaden,Sthlm)"]
[Site "?"]
[Date "2012.03.11"]
[Round "9"]
[White "Karlsson, Lars"]
[Black "Aberg, Anton"]
[Result "1-0"]
[WhiteElo "2542"]
[BlackElo "2403"]
[PlyCount "81"]

1. g3 e5 2. c4 d6 3. Nc3 g6 4. e4 Bg7 5. Bg2 Ne7 6. Nge2 Nbc6 7. d3 Nd4 8. Nxd4
exd4 9. Ne2 c5 10. O-O O-O 11. a3 Bd7 12. b4 b5 13. cxb5 Bxb5 14. a4 Bd7 15.
Ba3 Rc8 16. Qd2 a6 17. Rfc1 Bxa4 18. bxc5 dxc5 19. Rxc5 Rxc5 20. Bxc5 Bb5 21.
Qb2 Qd7 22. Bxd4 Bxd4 23. Nxd4 Bxd3 24. Rd1 Bb5 25. Bf1 Qb7 26. e5 Rb8 27. Nxb5
axb5 28. e6 Qe4 29. exf7+ Kxf7 30. Bxb5 Qe6 31. h4 Rb6 32. Rb1 Rd6 33. Qh8 Qe4
34. Qxh7+ Ke6 35. Bc4+ Kd7 36. Bb5+ Ke6 37. Bc4+ Kd7 38. Ra1 Rd2 39. Qf7 Qd4
40. Re1 Qd6 41. Bb5+ 1-0

[Event "Elit(Kamraterna-Rockaden,Sthlm)"]
[Site "?"]
[Date "2012.03.11"]
[Round "9"]
[White "Hamark, Jesper"]
[Black "Blomqvist, Erik"]
[Result "0-1"]
[WhiteElo "2395"]
[BlackElo "2514"]
[PlyCount "86"]

1. Nf3 Nf6 2. g3 d5 3. Bg2 c6 4. c4 g6 5. b3 Bg7 6. Bb2 O-O 7. O-O Bg4 8. d3
Bxf3 9. Bxf3 Nbd7 10. Qc2 Re8 11. Nd2 e5 12. Bg2 Qe7 13. Rad1 Rad8 14. a3 h5
15. b4 Nf8 16. Nb3 h4 17. cxd5 cxd5 18. Qc5 Qe6 19. Qxa7 b6 20. Qa6 h3 21. Bh1
Rc8 22. Rc1 Bh6 23. Rxc8 Rxc8 24. Bxe5 Ng4 25. Bd4 Rc2 26. Bf3 Ne5 27. Bxe5
Qxe5 28. Qxb6 Qb2 29. Bxd5 Rxe2 30. Qd4 Qxa3 31. Qg4 Rb2 32. Qxh3 Bg7 33. Nc5
Rxb4 34. Nd7 Qxd3 35. Nxf8 Qxd5 36. Nh7 Rb5 37. Rc1 Qh5 38. Qd7 Rf5 39. h4 Kxh7
40. Rc2 Qf3 41. Qc6 Qd1+ 42. Kg2 Bd4 43. Qe4 Qb1 0-1

[Event "Elit(Kamraterna-Rockaden,Sthlm)"]
[Site "?"]
[Date "2012.03.11"]
[Round "9"]
[White "Bator, Robert"]
[Black "Svensson, Bengt"]
[Result "1/2-1/2"]
[WhiteElo "2493"]
[BlackElo "2457"]
[PlyCount "39"]

1. d4 d5 2. Nf3 Nf6 3. c4 dxc4 4. e3 e6 5. Bxc4 c5 6. O-O a6 7. Bb3 Nc6 8. Nc3
b5 9. Qe2 Bb7 10. Rd1 Na5 11. Bc2 cxd4 12. exd4 Be7 13. Bg5 O-O 14. Ne5 Rc8 15.
Rac1 g6 16. Bh6 Re8 17. f3 Nd5 18. Be4 Nc4 19. Kh1 Nxc3 20. Rxc3 1/2-1/2

[Event "Elit(Kamraterna-Rockaden,Sthlm)"]
[Site "?"]
[Date "2012.03.11"]
[Round "9"]
[White "Madebrink, Lars"]
[Black "Wiedenkeller, Michael"]
[Result "0-1"]
[WhiteElo "2276"]
[BlackElo "2522"]
[PlyCount "64"]

1. c4 Nf6 2. Nc3 e6 3. Nf3 d5 4. d4 Bb4 5. e3 O-O 6. Bd3 c5 7. O-O Nc6 8. a3
Bxc3 9. bxc3 Qc7 10. Qe2 dxc4 11. Bxc4 e5 12. dxe5 Nxe5 13. Nxe5 Qxe5 14. Bd3
Rd8 15. Rd1 Bf5 16. Bb2 Ng4 17. g3 Nxf2 18. c4 Nh3+ 19. Kg2 Bxd3 20. Bxe5 Bxe2
21. Rxd8+ Rxd8 22. Kxh3 Bxc4 23. g4 f6 24. Bg3 Be6 25. Rc1 b6 26. Rc3 h5 27.
Bc7 Rd7 28. Bb8 Bxg4+ 29. Kg3 Kf7 30. a4 Be6 31. a5 c4 32. a6 b5 0-1

[Event "Elit(Kamraterna-Rockaden,Sthlm)"]
[Site "?"]
[Date "2012.03.11"]
[Round "9"]
[White "Engqvist, Thomas"]
[Black "Svenn, Matti"]
[Result "1-0"]
[WhiteElo "2426"]
[BlackElo "2262"]
[PlyCount "75"]

1. b3 e5 2. Bb2 Nc6 3. c4 Nf6 4. e3 d5 5. cxd5 Nxd5 6. a3 a6 7. Qc2 Be7 8. Nf3
Bf6 9. d3 O-O 10. Nbd2 Re8 11. Be2 g6 12. O-O Bg7 13. b4 g5 14. Nb3 g4 15. Nfd2
h5 16. g3 h4 17. e4 Nb6 18. Rac1 Bh6 19. Qd1 Na4 20. Ba1 Qg5 21. Nc4 Be6 22.
Ne3 hxg3 23. hxg3 Qg6 24. Rxc6 bxc6 25. Nxg4 Bg7 26. Kg2 Nb6 27. Nc5 Bc8 28.
Bc3 Nd7 29. Nb3 Nf8 30. Rh1 f5 31. Ne3 fxe4 32. Bh5 Qe6 33. Nc5 Qe7 34. dxe4
Rd8 35. Qb3+ Be6 36. Nf5 Qf6 37. Nxe6 Qxe6 38. Ne7+ 1-0

[Event "Elit(Kamraterna-Rockaden,Sthlm)"]
[Site "?"]
[Date "2012.03.11"]
[Round "9"]
[White "Andersson, Michael"]
[Black "Hedman, Erik"]
[Result "1/2-1/2"]
[WhiteElo "2219"]
[BlackElo "2444"]
[PlyCount "76"]

1. e4 c5 2. Na3 g6 3. c3 Bg7 4. Nf3 d6 5. Bb5+ Bd7 6. Bxd7+ Nxd7 7. O-O Ngf6 8.
d3 O-O 9. Qe2 h6 10. Nc2 Kh7 11. a4 Qc7 12. Re1 Rac8 13. h3 b6 14. Bf4 e5 15.
Bh2 Ng8 16. Ne3 Ne7 17. Nd2 Qc6 18. c4 f5 19. Nd5 Nxd5 20. cxd5 Qc7 21. Rec1
Rf7 22. b4 f4 23. f3 h5 24. Kf1 g5 25. Bg1 Nf6 26. Ke1 Bh6 27. a5 g4 28. axb6
axb6 29. hxg4 hxg4 30. bxc5 gxf3 31. gxf3 dxc5 32. Nc4 Rg8 33. Bf2 Bf8 34. Rcb1
Nd7 35. Kd2 Rg2 36. Rh1+ Kg8 37. Rag1 Rxg1 38. Rxg1+ Rg7 1/2-1/2

[Event "Elit(Kamraterna-Rockaden,Sthlm)"]
[Site "?"]
[Date "2012.03.11"]
[Round "9"]
[White "Lokander, Martin"]
[Black "Borvander, Tom"]
[Result "1-0"]
[WhiteElo "2313"]
[BlackElo "2228"]
[PlyCount "97"]

1. d4 Nf6 2. c4 g6 3. Nc3 Bg7 4. Nf3 O-O 5. Bg5 h6 6. Bh4 d6 7. e3 Bf5 8. h3 g5
9. Bg3 Nbd7 10. Bd3 Bxd3 11. Qxd3 Re8 12. Rd1 c6 13. O-O Qa5 14. a3 e5 15. Qf5
Re6 16. Nd2 Qb6 17. d5 Re7 18. Nde4 c5 19. Rd2 a6 20. h4 Nxe4 21. Nxe4 f6 22.
Bh2 Rd8 23. Ng3 Nf8 24. Qg4 Rf7 25. Nf5 Ng6 26. f4 Nxh4 27. Nxh4 gxh4 28. fxe5
dxe5 29. Rdf2 Rdf8 30. Qg6 Qd6 31. Rf5 Qd7 32. e4 b5 33. b3 bxc4 34. bxc4 Qb7
35. Kh1 a5 36. Bg1 Qc7 37. Be3 Rb8 38. Rxf6 Rxf6 39. Rxf6 h3 40. Bxh6 hxg2+ 41.
Kxg2 Rb2+ 42. Rf2 Rb7 43. Be3 Rb6 44. Qe8+ Kh7 45. Rf5 Rg6+ 46. Kf3 Rf6 47.
Qh5+ Kg8 48. Rxf6 Bxf6 49. Qg6+ 1-0

[Event "Elit(Kamraterna-Rockaden,Sthlm)"]
[Site "?"]
[Date "2012.03.11"]
[Round "9"]
[White "Hattab, Hashim"]
[Black "Zadruzny, Nicolaj"]
[Result "0-1"]
[WhiteElo "2000"]
[BlackElo "2342"]
[PlyCount "58"]

1. d4 e6 2. c4 f5 3. Nf3 Nf6 4. g3 Bb4+ 5. Bd2 Qe7 6. Bg2 O-O 7. O-O Bxd2 8.
Nbxd2 d6 9. Re1 e5 10. e4 f4 11. gxf4 Nh5 12. f5 Nf4 13. dxe5 dxe5 14. Bf1 g6
15. c5 gxf5 16. exf5 Rxf5 17. Qb3+ Kh8 18. Ne4 Be6 19. Qc3 Nd5 20. Qd3 Nf4 21.
Qe3 Nd5 22. Qa3 Nc6 23. Ng3 Rg8 24. Kh1 Qg7 25. Bh3 Rf6 26. Nh5 Qg6 27. Nxf6
Bxh3 28. Ng5 Bg2+ 29. Kg1 Qxg5 0-1

[Event "Elit(LASK-Team Viking)"]
[Site "?"]
[Date "2012.03.11"]
[Round "9"]
[White "Smith, Axel"]
[Black "Matlakov, Maxim"]
[Result "0-1"]
[WhiteElo "2514"]
[BlackElo "2667"]
[PlyCount "116"]

1. d4 Nf6 2. c4 e6 3. Nf3 d5 4. Nc3 c6 5. Bg5 h6 6. Bh4 dxc4 7. e4 g5 8. Bg3 b5
9. Be2 Bg7 10. e5 Nh5 11. a4 a6 12. axb5 cxb5 13. Nxb5 axb5 14. Rxa8 Bb7 15.
Ra1 Nc6 16. O-O Nxg3 17. hxg3 g4 18. Nh4 h5 19. b3 Nxd4 20. bxc4 Bxe5 21. Ra2
O-O 22. Qc1 Qf6 23. cxb5 Bd5 24. Qb1 Rb8 25. Rd2 Nxe2+ 26. Rxe2 Bc4 27. Rfe1
Bxe2 28. Rxe2 Bd4 29. Qd3 Ra8 30. Qd2 Ra1+ 31. Kh2 Rf1 32. Qf4 Qxf4 33. gxf4
Bxf2 34. g3 Bd4 35. Re4 Rd1 36. f5 e5 37. f6 Rf1 38. b6 Rxf6 39. b7 Rb6 40. Nf5
Rxb7 41. Nxd4 exd4 42. Rxd4 Rb2+ 43. Kg1 Kg7 44. Rd5 Kg6 45. Rd6+ f6 46. Rd4
Rb7 47. Kf2 Rb2+ 48. Kg1 Rb8 49. Kf2 Rh8 50. Ra4 Kg5 51. Ke3 h4 52. Ra5+ f5 53.
Ra7 hxg3 54. Rg7+ Kf6 55. Ra7 Rh1 56. Kf4 g2 57. Ra3 Rf1+ 58. Rf3 Rxf3# 0-1

[Event "Elit(LASK-Team Viking)"]
[Site "?"]
[Date "2012.03.11"]
[Round "9"]
[White "Kotronias, Vassilios"]
[Black "Tikkanen, Hans"]
[Result "1-0"]
[WhiteElo "2685"]
[BlackElo "2566"]
[PlyCount "163"]
[SourceDate "2012.03.13"]

1. e4 e6 2. d4 d5 3. Nd2 Nf6 4. e5 Nfd7 5. c3 c5 6. Bd3 Nc6 7. Ne2 cxd4 8. cxd4
f6 9. exf6 Nxf6 10. Nf3 Bd6 11. O-O Qc7 12. Bg5 O-O 13. Rc1 Nh5 14. Ng3 Nf4 15.
Bb1 Qb6 16. Rc3 Bd7 17. Rb3 Qa6 18. Re1 Rac8 19. h4 Be8 20. Bxf4 Bxf4 21. Rxe6
Bd7 22. Re1 Bg4 23. Bd3 Qa5 24. Qb1 Bxf3 25. Bxh7+ Kh8 26. Rxf3 Nxd4 27. Rc3
Rxc3 28. bxc3 Qxc3 29. Bd3 Bh6 30. Qd1 Qb2 31. Rf1 Qd2 32. Bb1 Qxd1 33. Rxd1
Nb5 34. Bg6 Rd8 35. Rb1 a6 36. Nf5 Bf4 37. g3 Be5 38. a4 Nc3 39. Rxb7 d4 40.
Ne7 Bf6 41. Nc6 Rc8 42. a5 Na4 43. Rb4 Nc5 44. Nxd4 Nd7 45. Bf5 Rb8 46. Rc4 Ne5
47. Rc7 g6 48. Rc8+ Rxc8 49. Bxc8 Bd8 50. Nb3 Nc6 51. Bxa6 Nxa5 52. Nc5 Nc6 53.
Ne6 Bb6 54. Kg2 Kg8 55. Nf4 Kg7 56. Nd5 Bc5 57. Bb7 Ne5 58. f4 Nc4 59. Kf3 Nd2+
60. Kg4 Nf1 61. Nc3 Bb4 62. Ne4 Ne3+ 63. Kf3 Nf5 64. Ba6 Kh6 65. Bd3 Nd4+ 66.
Kg4 Nf5 67. Ng5 Ne7 68. Be4 Be1 69. Nf3 Bf2 70. Ne5 Be1 71. Kf3 Kg7 72. Nd3 Ba5
73. g4 Bd8 74. g5 Bc7 75. Kg4 Bb6 76. h5 gxh5+ 77. Kxh5 Nc8 78. f5 Bd4 79. Nf4
Be5 80. Nd5 Nd6 81. f6+ Bxf6 82. Nxf6 1-0

[Event "Elit(LASK-Team Viking)"]
[Site "?"]
[Date "2012.03.11"]
[Round "9"]
[White "Nilsson, Sebastian"]
[Black "Berg, Emanuel"]
[Result "1/2-1/2"]
[WhiteElo "2417"]
[BlackElo "2569"]
[PlyCount "45"]

1. e4 e6 2. d4 d5 3. Nc3 Bb4 4. e5 c5 5. a3 Bxc3+ 6. bxc3 Ne7 7. Qg4 cxd4 8.
Qxg7 Rg8 9. Qxh7 Qc7 10. Kd1 dxc3 11. Nf3 Nbc6 12. Ng5 Nxe5 13. Bf4 Qb6 14.
Bxe5 Rxg5 15. Qh4 Rg8 16. Qd4 Qxd4+ 17. Bxd4 Bd7 18. h4 Nf5 19. Bf6 Rg6 20. Be5
f6 21. h5 Rh6 22. Bxc3 e5 23. g4 1/2-1/2

[Event "Elit(LASK-Team Viking)"]
[Site "?"]
[Date "2012.03.11"]
[Round "9"]
[White "Rozentalis, Eduardas"]
[Black "Dragicevic, Drazen"]
[Result "1-0"]
[WhiteElo "2623"]
[BlackElo "2338"]
[PlyCount "63"]
[SourceDate "2012.03.13"]

1. e4 c5 2. Nf3 Nc6 3. Bb5 g6 4. O-O Bg7 5. Re1 e5 6. a3 Nge7 7. c3 O-O 8. b4
d6 9. d3 a6 10. Bc4 b5 11. Ba2 cxb4 12. axb4 d5 13. Nbd2 h6 14. exd5 Nxd5 15.
Ne4 Kh8 16. Bd2 Ra7 17. Qb3 Nb6 18. Be3 Rd7 19. Rad1 f5 20. Nc5 Rd6 21. d4 exd4
22. Nxd4 Nxd4 23. Bxd4 Nc4 24. Qc2 f4 25. Bxc4 bxc4 26. f3 Bf5 27. Qd2 Kh7 28.
Nb7 Rxd4 29. cxd4 Qb6 30. Nc5 Rb8 31. Qxf4 Qxb4 32. Nxa6 1-0

[Event "Elit(LASK-Team Viking)"]
[Site "?"]
[Date "2012.03.11"]
[Round "9"]
[White "Hansson, Fredrik"]
[Black "Carlsson, Pontus"]
[Result "0-1"]
[WhiteElo "2140"]
[BlackElo "2618"]
[PlyCount "130"]
[EventDate "2012.??.??"]

1. e4 e6 2. d4 d5 3. exd5 exd5 4. Bf4 Bd6 5. Bxd6 Qxd6 6. c3 h5 7. Nf3 Bg4 8.
Nbd2 Nd7 9. h3 Bf5 10. Be2 O-O-O 11. Nf1 Ngf6 12. Ne3 Be4 13. Qd2 Bh7 14. Bd3
Ne4 15. Bxe4 Bxe4 16. Ng5 Bg6 17. O-O-O h4 18. Rde1 f6 19. Nf3 Nf8 20. Ng1 Ne6
21. Ne2 Rhe8 22. f3 Re7 23. b3 Rde8 24. Nc2 Qa6 25. Nb4 Qd6 26. Kd1 c6 27. Nd3
Bh7 28. Nef4 Nc7 29. Rxe7 Rxe7 30. Re1 Rxe1+ 31. Kxe1 g5 32. Ne2 Ne6 33. Qe3 b6
34. f4 Bxd3 35. Qxd3 Nxf4 36. Qf5+ Qe6 37. Qxe6+ Nxe6 38. Kf2 c5 39. dxc5 bxc5
40. Kf3 Kd7 41. Kg4 Ke7 42. Kf5 Ng7+ 43. Kg6 Ne6 44. Kf5 a5 45. a3 Nc7 46. b4
axb4 47. axb4 cxb4 48. cxb4 Nb5 49. Kg4 Ke6 50. Kf3 Ke5 51. Ke3 f5 52. Ng1 g4
53. Ne2 f4+ 54. Kf2 g3+ 55. Kf3 Nd4+ 56. Nxd4 Kxd4 57. Kxf4 Kc4 58. Ke5 Kxb4
59. Kd4 Kb3 60. Kxd5 Kc3 61. Ke4 Kd2 62. Kf3 Ke1 63. Kg4 Kf2 64. Kxh4 Kxg2 65.
Kg5 Kxh3 0-1

[Event "Elit(LASK-Team Viking)"]
[Site "?"]
[Date "2012.03.11"]
[Round "9"]
[White "Lindberg, Bo"]
[Black "Gajic, Mladen"]
[Result "1/2-1/2"]
[WhiteElo "2464"]
[BlackElo "2315"]
[PlyCount "132"]
[EventDate "2012.??.??"]

1. Nf3 Nf6 2. g3 g6 3. Bg2 Bg7 4. O-O O-O 5. c4 d6 6. Nc3 c5 7. d4 Na6 8. d5
Nc7 9. Nd2 Rb8 10. Rb1 a6 11. a3 e6 12. dxe6 Bxe6 13. b4 b5 14. cxb5 Nxb5 15.
Bb2 cxb4 16. axb4 a5 17. bxa5 Qxa5 18. Nxb5 Rxb5 19. Bc3 Qb6 20. Rxb5 Qxb5 21.
Re1 Bd5 22. Bxd5 Qxd5 23. Nf1 Qe6 24. Bxf6 Bxf6 25. Ne3 h5 26. Qd5 Rd8 27. Rb1
Be7 28. Rb7 Qf6 29. Qe4 Bf8 30. Nd5 Qe5 31. Qf3 Qe6 32. Kg2 Rc8 33. h3 Rc5 34.
Nf6+ Kg7 35. Nd7 Rc4 36. e3 d5 37. Nxf8 Kxf8 38. Rb8+ Kg7 39. Rd8 Rc5 40. Qd1
Qe4+ 41. Kg1 Qe5 42. h4 Ra5 43. Qd2 Rb5 44. Qa2 Qf6 45. Rxd5 Rb2 46. Qxb2 Qxb2
47. Rd4 Qe2 48. Kg2 Kf6 49. Rf4+ Ke6 50. Re4+ Kd6 51. Rf4 Qa2 52. Rd4+ Ke5 53.
Rf4 Qd5+ 54. Kg1 f6 55. Kh2 g5 56. Rd4 Qf3 57. Kg1 Kf5 58. Rb4 Qc6 59. Rd4 Ke5
60. Rb4 Qc1+ 61. Kg2 Qc6+ 62. Kg1 Qc5 63. Rd4 g4 64. Rf4 Qc3 65. Kg2 Qd2 66.
Kg1 f5 1/2-1/2

[Event "Elit(LASK-Team Viking)"]
[Site "?"]
[Date "2012.03.11"]
[Round "9"]
[White "Olsson, Linus"]
[Black "Semcesen, Daniel"]
[Result "1/2-1/2"]
[WhiteElo "2318"]
[BlackElo "2472"]
[PlyCount "72"]
[EventDate "2012.??.??"]

1. d4 d5 2. Bf4 Nf6 3. e3 c5 4. c3 Nc6 5. Nd2 cxd4 6. exd4 Bf5 7. Ngf3 e6 8.
Qb3 Qc8 9. Be2 Be7 10. O-O O-O 11. h3 h6 12. Rfe1 a6 13. a4 Re8 14. Qd1 Qd8 15.
Nf1 Ne4 16. Ng3 Nxg3 17. Bxg3 Bd6 18. Bxd6 Qxd6 19. Bd3 Bxd3 20. Qxd3 Rab8 21.
Nd2 Re7 22. Nf3 Rc7 23. Ne5 Nxe5 24. Rxe5 a5 25. f4 Qd7 26. f5 exf5 27. Qxf5
Rd8 28. Rae1 Qxf5 29. Rxf5 f6 30. Re6 Rc4 31. Re7 Rxa4 32. Rxb7 Ra2 33. Rb5 a4
34. Rfxd5 Rxd5 35. Rxd5 Rxb2 36. Ra5 Rc2 1/2-1/2

[Event "Elit(Solna-Eksjo)"]
[Site "?"]
[Date "2012.03.11"]
[Round "9"]
[White "Cicak, Slavko"]
[Black "Lindberg, Bengt"]
[Result "1-0"]
[WhiteElo "2605"]
[BlackElo "2460"]
[PlyCount "49"]
[EventDate "2012.??.??"]
[SourceDate "2012.03.13"]

1. e4 c5 2. Nf3 e6 3. b3 a6 4. c4 Nc6 5. Bb2 Nge7 6. Be2 d6 7. d4 cxd4 8. Nxd4
Nxd4 9. Qxd4 Nc6 10. Qe3 Be7 11. O-O O-O 12. Rd1 Bf6 13. Nc3 e5 14. Qd3 Nd4 15.
Nd5 Nxe2+ 16. Qxe2 Bg5 17. c5 dxc5 18. Bxe5 Bd7 19. f4 Re8 20. Bc7 Qc8 21. fxg5
Bg4 22. Qd3 Bxd1 23. Rxd1 b5 24. Qg3 Re6 25. Nb6 1-0

[Event "Elit(Solna-Eksjo)"]
[Site "?"]
[Date "2012.03.11"]
[Round "9"]
[White "Vernersson, Per"]
[Black "Bergstrom, Christer"]
[Result "1/2-1/2"]
[WhiteElo "2454"]
[BlackElo "2368"]
[PlyCount "87"]

1. d4 Nf6 2. c4 e6 3. g3 d5 4. Nf3 dxc4 5. Qa4+ Nc6 6. Qxc4 Qd5 7. Qxd5 exd5 8.
Bg2 Bg4 9. Be3 O-O-O 10. h3 Bf5 11. a3 Bd6 12. Bg5 Rhe8 13. Bxf6 gxf6 14. Nc3
Be4 15. e3 Bxf3 16. Bxf3 Nxd4 17. Bd1 c6 18. O-O Ne6 19. Bh5 Re7 20. Bg4 b5 21.
Rfd1 Kb7 22. Rac1 a5 23. Ne2 b4 24. axb4 axb4 25. Nd4 Nxd4 26. exd4 Ra8 27. Rd3
Ra2 28. b3 Bc7 29. Rcd1 Rc2 30. Kf1 Rc3 31. Bf5 h6 32. Re1 Rxe1+ 33. Kxe1 Bb6
34. Kd2 Rxd3+ 35. Kxd3 Kc7 36. g4 Kd6 37. h4 c5 38. dxc5+ Bxc5 39. f4 Bf2 40.
h5 Bg3 41. Ke3 Be1 42. Bh7 Ke6 43. Bf5+ Kd6 44. Bh7 1/2-1/2

[Event "Elit(Solna-Eksjo)"]
[Site "?"]
[Date "2012.03.11"]
[Round "9"]
[White "Karlsson, Tomas"]
[Black "Ornstein, Axel"]
[Result "1/2-1/2"]
[WhiteElo "2294"]
[BlackElo "2444"]
[PlyCount "93"]

1. e4 e5 2. Nf3 Nc6 3. Bb5 a6 4. Ba4 Nf6 5. O-O Be7 6. Re1 b5 7. Bb3 O-O 8. c3
d6 9. h3 Nb8 10. d4 Nbd7 11. Nbd2 Bb7 12. Bc2 Re8 13. Nf1 Bf8 14. Ng3 g6 15. a4
c5 16. d5 c4 17. Be3 Nc5 18. Nd2 Nfd7 19. axb5 axb5 20. b4 cxb3 21. Bxb3 Rxa1
22. Qxa1 f5 23. exf5 Nxb3 24. Nxb3 gxf5 25. Nxf5 Bxd5 26. Qd1 Be6 27. Nh6+ Kh8
28. Nd2 Qh4 29. Ng4 Bxg4 30. hxg4 Nf6 31. f3 Rc8 32. Bf2 Qg5 33. Be3 Qg8 34.
Qb1 Rxc3 35. Qxb5 Qe6 36. Bg5 Ng8 37. Ne4 Rc2 38. Rc1 Rxc1+ 39. Bxc1 Nf6 40.
Nxf6 Qxf6 41. Qd5 Kg7 42. Be3 Qf7 43. Qe4 Qg6 44. Qb7+ Qf7 45. Qe4 Qg6 46. Qb7+
Qf7 47. Qe4 1/2-1/2

[Event "Elit(Solna-Eksjo)"]
[Site "?"]
[Date "2012.03.11"]
[Round "9"]
[White "Malesevic, Nedeljko"]
[Black "Johansson, Gunnar"]
[Result "1/2-1/2"]
[WhiteElo "2362"]
[BlackElo "2251"]
[PlyCount "150"]

1. d4 d5 2. Nf3 Nf6 3. c4 c6 4. cxd5 cxd5 5. Nc3 Nc6 6. Bf4 a6 7. e3 Bg4 8. Be2
e6 9. O-O Be7 10. h3 Bxf3 11. Bxf3 O-O 12. Rc1 Rc8 13. Qd3 Bd6 14. Bg5 h6 15.
Bh4 Be7 16. Bd1 Ne8 17. Bc2 g6 18. Bxe7 Qxe7 19. Qe2 Nd6 20. Rfd1 Rfd8 21. Bb1
Rc7 22. Na4 Nb8 23. Rxc7 Qxc7 24. Qg4 Nf5 25. Bxf5 exf5 26. Qe2 Nd7 27. Qd2 Rc8
28. Nc5 Nf6 29. f3 a5 30. Rc1 b6 31. Nd3 Qd8 32. b4 axb4 33. Nxb4 Rxc1+ 34.
Qxc1 Qd7 35. Qc3 Kg7 36. Qc6 Qxc6 37. Nxc6 Kf8 38. Kf2 Ke8 39. Ke2 Kd7 40. Ne5+
Ke6 41. Kd2 Ne8 42. Kc3 Nd6 43. Nd3 g5 44. Nb2 Kd7 45. Kb4 f6 46. Nd3 Kc6 47.
Kc3 Kd7 48. Nb4 Ke6 49. a4 Nc8 50. Nc2 Nd6 51. Na3 Kd7 52. Kb4 Kc6 53. Nc2 Kd7
54. Kc3 Ke6 55. Nb4 Nb7 56. Na6 Kd7 57. Kd3 Ke6 58. Nc7+ Kd6 59. Nb5+ Kc6 60.
g4 fxg4 61. hxg4 Nd8 62. Nc3 Ne6 63. Ne2 b5 64. axb5+ Kxb5 65. Ng3 Ng7 66. e4
Kc6 67. e5 fxe5 68. dxe5 Ne6 69. Nf5 Kd7 70. Nxh6 Nf4+ 71. Kd4 Ke6 72. Nf5 Ne2+
73. Ke3 Nf4 74. Kd4 Ne2+ 75. Ke3 Nf4 1/2-1/2